000 00701nam a2200289Ia 4500
005 20260324124514.0
008 008 260324s9999 xx 000 0 eng d
020 _a9780203855065
037 _aEBOOK
040 _aCRL
040 _beng
040 _cCRL
041 _2eng
041 _aeng
084 _qCRL
100 _aJim Campbell; Wendy Robinson
_91174416
245 0 _aEffective Teaching in Gifted Education
245 0 _bUsing a Whole School Approach
260 _bTaylor and Francis
260 _c2010
365 _a
365 _b230
856 _uhttp://www.taylorfrancis.com/books/9780203855065
942 _cEBOOK
999 _c1768844
_d1768844